|
|
|
|
| LEADER |
00000nab a2200000 a 4500 |
| 001 |
vtls000436286 |
| 005 |
20260418114529.0 |
| 008 |
140302c1991 xo 0 slo |
| 015 |
|
|
|a SNBRB19rr/mm-uuuuu
|
| 035 |
|
|
|a CL0436414
|
| 040 |
|
|
|a SNKBUCL
|b slo
|c SNKBUCL
|e AACR2
|
| 041 |
0 |
|
|a slo
|
| 044 |
|
|
|a xo
|c SK
|
| 080 |
|
|
|a 379.8
|2 1981
|
| 080 |
|
|
|a 371
|2 1981
|
| 100 |
1 |
|
|a Kučera, Ján,
|d 1940-1995
|4 aut
|9 1637250
|
| 245 |
1 |
0 |
|a Pedagóg voľného času dnes
|b Diskutujeme o rozvoji školstva
|c Ján Kučera
|
| 650 |
0 |
7 |
|a voľný čas
|2 snkbucl
|9 3355
|
| 650 |
0 |
7 |
|a centrá voľného času
|2 snkbucl
|9 304050
|
| 650 |
0 |
7 |
|a pedagogika voľného času
|2 snkbucl
|9 14931
|
| 655 |
|
7 |
|a články z novín a časopisov
|2 snkbucl
|9 267496
|
| 773 |
0 |
|
|t Učiteľské noviny
|g Roč. 41, č. 41 (1991), s. 3
|
| 852 |
|
|
|a SNK
|
| 958 |
|
|
|a RK
|
| 999 |
|
|
|c 2201549
|d 2203479
|